Reminiscences of Johannesburg and London / (Record no. 123994)
[ view plain ]
| 000 -LEADER | |
|---|---|
| fixed length control field | 00698cam a22002291i 4500 |
| 001 - CONTROL NUMBER | |
| control field | 7795388 |
| 003 - CONTROL NUMBER IDENTIFIER | |
| control field | ARRUPE |
| 005 - DATE AND TIME OF LATEST TRANSACTION | |
| control field | 20160121122714.0 |
| 008 - FIXED-LENGTH DATA ELEMENTS--GENERAL INFORMATION | |
| fixed length control field | 790604s1924 xxkc 001 0 eng |
| 010 ## - LIBRARY OF CONGRESS CONTROL NUMBER | |
| LC control number | 25004121 |
| 035 ## - SYSTEM CONTROL NUMBER | |
| System control number | (OCoLC)5033171 |
| 040 ## - CATALOGING SOURCE | |
| Original cataloging agency | DLC |
| Transcribing agency | TxEU |
| Modifying agency | DLC |
| 042 ## - AUTHENTICATION CODE | |
| Authentication code | premarc |
| 050 00 - LIBRARY OF CONGRESS CALL NUMBER | |
| Classification number | DT944.J6 |
| Item number | C6 |
| 300 ## - PHYSICAL DESCRIPTION | |
| Other physical details | front. (port.) ; |
| Dimensions | 22 cm. |
| 100 1# - MAIN ENTRY--PERSONAL NAME | |
| Personal name | Cohen, Louis, |
| Dates associated with a name | 1854-1945. |
| 9 (RLIN) | 21684 |
| 245 10 - TITLE STATEMENT | |
| Title | Reminiscences of Johannesburg and London / |
| Statement of responsibility, etc | by Louis Cohen. |
| 260 ## - PUBLICATION, DISTRIBUTION, ETC. (IMPRINT) | |
| Place of publication, distribution, etc | London : |
| Name of publisher, distributor, etc | R. Holden & co.,ltd., |
| Date of publication, distribution, etc | 1924. |
| 300 ## - PHYSICAL DESCRIPTION | |
| Extent | 3 p. l., 11-316 p. : |
| 651 #0 - SUBJECT ADDED ENTRY--GEOGRAPHIC NAME | |
| Geographic name | Johannesburg (South Africa) |
| 9 (RLIN) | 21685 |
| 906 ## - LOCAL DATA ELEMENT F, LDF (RLIN) | |
| a | 7 |
| b | cbc |
| c | oclcrpl |
| d | u |
| e | ncip |
| f | 19 |
| g | y-gencatlg |
| 942 ## - ADDED ENTRY ELEMENTS (KOHA) | |
| Source of classification or shelving scheme | Library of Congress Classification |
| Koha item type | SPC |
| Withdrawn status | Lost status | Source of classification or shelving scheme | Damaged status | Not for loan | Collection code | Home library | Current library | Shelving location | Date acquired | Total Checkouts | Full call number | Barcode | Date last seen | Price effective from | Koha item type |
|---|---|---|---|---|---|---|---|---|---|---|---|---|---|---|---|
| Library of Congress Classification | SPECIAL Collection | ARRUPE LIBRARY | ARRUPE LIBRARY | Reference | 21/01/2016 | SPC DT944.J6 C6 | 46500005875 | 21/01/2016 | 21/01/2016 | SPC |